[Event "BCF-chT 2122 (4NCL)"]
[Site "England"]
[Date "2022.06.26"]
[Round "11.56"]
[White "Pein, Jonathan"]
[Black "Horton, Jamie A"]
[Result "1-0"]
[WhiteElo "2245"]
[BlackElo "2191"]
[PlyCount "49"]
[EventDate "2021.11.27"]
[EventType "team-swiss"]
[EventRounds "11"]
[EventCountry "ENG"]
[SourceTitle "EXT 2023"]
[Source "ChessBase"]
[SourceDate "2022.10.05"]
[SourceVersion "1"]
[SourceVersionDate "2022.10.05"]
[SourceQuality "1"]
[WhiteTeam "Celtic Tigers"]
[BlackTeam "Wood Green Youth"]
[WhiteTeamCountry "ENG"]
[BlackTeamCountry "ENG"]

1. e4 c6 2. d4 d5 3. e5 Bf5 4. h4 h5 5. Bg5 Qb6 6. Bd3 Bxd3 7. Qxd3 e6 8. Nd2 Qa6 9. c4 Bb4 10. b3 Ne7 11. Ne2 c5 12. 0-0 Nbc6 13. Rfd1 Bxd2 14. Qxd2 dxc4 15. Bxe7 Nxe7 16. dxc5 Nd5 17. Ng3 c3 18. Qg5 g6 19. Ne4 Qc6 20. Rac1 b6 21. Rd3 0-0 22. Qh6 f5 23. Qxg6+ Kh8 24. Qxh5+ Kg7 25. Rg3# 1-0

[Event "BCF-chT 2122 (4NCL)"]
[Site "England"]
[Date "2022.06.25"]
[Round "10.46"]
[White "Horton, Jamie A"]
[Black "Makkar, Rajat"]
[Result "1/2-1/2"]
[WhiteElo "2191"]
[BlackElo "2327"]
[PlyCount "95"]
[EventDate "2021.11.27"]
[EventType "team-swiss"]
[EventRounds "11"]
[EventCountry "ENG"]
[SourceTitle "EXT 2023"]
[Source "ChessBase"]
[SourceDate "2022.10.05"]
[SourceVersion "1"]
[SourceVersionDate "2022.10.05"]
[SourceQuality "1"]
[WhiteTeam "Wood Green Youth"]
[BlackTeam "The Sharks"]
[WhiteTeamCountry "ENG"]
[BlackTeamCountry "ENG"]

1. d4 d5 2. c4 c6 3. Nf3 Nf6 4. Qc2 dxc4 5. Qxc4 Bf5 6. g3 e6 7. Bg2 Be7 8. 0-0 0-0 9. Rd1 Nbd7 10. e3 Rc8 11. Qe2 Bg6 12. Nc3 b5 13. Ne5 Nxe5 14. dxe5 Nd7 15. h4 h6 16. f4 Qc7 17. Ne4 Nc5 18. Nd6 Rcd8 19. b3 Bxd6 20. exd6 Rxd6 21. Ba3 Rxd1+ 22. Rxd1 Qb6 23. Qd2 Rc8 24. Qd4 Nb7 25. Bb2 f6 26. Qxb6 axb6 27. b4 Rc7 28. Bd4 c5 29. Rc1 e5 30. fxe5 fxe5 31. Bxe5 Re7 32. Bb2 Be4 33. bxc5 bxc5 34. Bf1 Bc6 35. Kf2 Nd6 36. Bd3 Rf7+ 37. Ke2 c4 38. Bg6 Ra7 39. a3 b4 40. axb4 Ra2 41. Rc2 Ne4 42. Kd1 Ba4 43. Bxe4 Rxb2 44. Kc1 Rxb4 45. Bd5+ Kf8 46. Rxc4 Rxc4+ 47. Bxc4 Ke7 48. Bd5 1/2-1/2

[Event "BCF-chT 2122 (4NCL)"]
[Site "England"]
[Date "2022.05.01"]
[Round "8.17"]
[White "Hunt, Harriet"]
[Black "Horton, Jamie A"]
[Result "0-1"]
[WhiteElo "2400"]
[BlackElo "2181"]
[PlyCount "64"]
[EventDate "2021.11.27"]
[EventType "team-swiss"]
[EventRounds "11"]
[EventCountry "ENG"]
[SourceTitle "EXT 2023"]
[Source "ChessBase"]
[SourceDate "2022.10.05"]
[SourceVersion "1"]
[SourceVersionDate "2022.10.05"]
[SourceQuality "1"]
[WhiteTeam "Wood Green"]
[BlackTeam "Wood Green Youth"]
[WhiteTeamCountry "ENG"]
[BlackTeamCountry "ENG"]

1. e4 c6 2. d4 d5 3. e5 Bf5 4. h4 h5 5. Bd3 Bxd3 6. Qxd3 Qa5+ 7. Nd2 Qa6 8. c4 e6 9. Ngf3 Nh6 10. 0-0 Nf5 11. Qc2 b6 12. a4 Nd7 13. a5 Be7 14. g3 0-0 15. Qa4 b5 16. cxb5 Qxb5 17. Qd1 g6 18. Nb1 Rab8 19. Nc3 Qb3 20. Qe2 c5 21. Rd1 Rb4 22. dxc5 Bxc5 23. Kg2 Qc4 24. Rd3 Rfb8 25. a6 Nd4 26. Nxd4 Bxd4 27. f4 Nc5 28. Rxd4 Qxd4 29. Be3 Qc4 30. Qxc4 Rxc4 31. Nd1 d4 32. Bg1 Rb6 0-1

[Event "BCF-chTa 1920 (4NCL)"]
[Site "Daventry"]
[Date "2020.01.11"]
[Round "3.35"]
[White "Harvey, Marcus Ross"]
[Black "Horton, Jamie A"]
[Result "1-0"]
[WhiteElo "2419"]
[BlackElo "2202"]
[PlyCount "95"]
[EventDate "2019.11.09"]
[EventType "team-tourn"]
[EventRounds "11"]
[EventCountry "ENG"]
[SourceTitle "CBM 194 Extra"]
[Source "ChessBase"]
[SourceDate "2020.03.31"]
[SourceVersion "1"]
[SourceVersionDate "2020.03.31"]
[SourceQuality "1"]
[WhiteTeam "Wood Green"]
[BlackTeam "3CS Oldham"]
[WhiteTeamCountry "ENG"]
[BlackTeamCountry "ENG"]

1. Nf3 Nf6 2. c4 e6 3. e3 d5 4. b3 Be7 5. Bb2 0-0 6. Nc3 c5 7. cxd5 exd5 8. d4 Nc6 9. Be2 Be6 10. 0-0 Rc8 11. dxc5 Bxc5 12. Nb5 Ne4 13. a3 Bb6 14. Rc1 Qe7 15. Qd3 a6 16. Nbd4 Nxd4 17. Nxd4 Rxc1 18. Rxc1 Rc8 19. Rxc8+ Bxc8 20. Nf3 Be6 21. b4 Qc7 22. Nd4 Qd7 23. Nxe6 Qxe6 24. Bf3 Qf5 25. Qc2 Qe6 26. Qd3 Qc6 27. g3 h6 28. Kg2 Qe6 29. a4 Bd8 30. b5 axb5 31. Qxb5 Qc6 32. Qxc6 bxc6 33. Bxe4 dxe4 34. Bc3 f5 35. a5 Kf7 36. a6 Bb6 37. g4 g6 38. gxf5 gxf5 39. Be5 Ba7 40. Kg3 Ke6 41. Bg7 h5 42. Kf4 Bb8+ 43. Kg5 Ba7 44. h4 c5 45. Kxh5 f4 46. Kg5 fxe3 47. fxe3 c4 48. Kf4 1-0

[Event "Paracin Summer op-A 11th"]
[Site "Paracin"]
[Date "2018.07.07"]
[Round "2"]
[White "Atakisi, Umut"]
[Black "Horton, Jamie A"]
[Result "1-0"]
[WhiteElo "2390"]
[BlackElo "2189"]
[PlyCount "93"]
[EventDate "2018.07.06"]
[EventType "swiss"]
[EventRounds "9"]
[EventCountry "SRB"]
[SourceTitle "CBM 185 Extra"]
[Source "ChessBase"]
[SourceDate "2018.07.29"]
[SourceVersion "1"]
[SourceVersionDate "2018.07.29"]
[SourceQuality "1"]

1. Nf3 Nf6 2. c4 e6 3. g3 d5 4. Bg2 Be7 5. d4 0-0 6. 0-0 b6 7. Nc3 Bb7 8. Ne5 Nbd7 9. Qa4 c6 10. Nxc6 Bxc6 11. Qxc6 Rc8 12. Qa4 Rxc4 13. Qxa7 Rxd4 14. b3 Rg4 15. Bb2 Qa8 16. Qxa8 Rxa8 17. e4 dxe4 18. h3 Rg5 19. Nxe4 Nxe4 20. Bxe4 Ra7 21. Rfd1 Bf6 22. Bxf6 gxf6 23. a4 Rc5 24. Bd3 Rc3 25. b4 f5 26. Bb5 Nf6 27. Rac1 Nd5 28. Rxc3 Nxc3 29. Rd8+ Kg7 30. Rb8 Nxb5 31. axb5 Ra4 32. Rxb6 Rxb4 33. Kg2 Rb3 34. Rb8 h5 35. b6 Kf6 36. h4 Kg7 37. Kf1 Rb2 38. Ke1 Kf6 39. Kd1 f4 40. Kc1 Rxf2 41. b7 Rf1+ 42. Kc2 Rf2+ 43. Kc3 Rf3+ 44. Kc4 Rf1 45. Rg8 Rb1 46. b8Q Rxb8 47. Rxb8 1-0

[Event "GBR-ch 104th"]
[Site "Llandudno"]
[Date "2017.08.03"]
[Round "6"]
[White "Jackson, James P"]
[Black "Horton, Jamie A"]
[Result "1-0"]
[WhiteElo "2286"]
[BlackElo "2178"]
[PlyCount "57"]
[EventDate "2017.07.29"]
[EventType "swiss"]
[EventRounds "9"]
[EventCountry "WLS"]
[SourceTitle "CBM 179 Extra"]
[Source "ChessBase"]
[SourceDate "2017.08.23"]
[SourceVersion "1"]
[SourceVersionDate "2017.08.23"]
[SourceQuality "1"]

1. e4 c6 2. d4 d5 3. e5 a6 4. a4 c5 5. dxc5 Nc6 6. Nf3 Bg4 7. Be2 e6 8. Be3 Bxf3 9. Bxf3 Nxe5 10. 0-0 Nf6 11. b4 Be7 12. Nd2 0-0 13. Nb3 Nc4 14. Bf4 b6 15. cxb6 Qxb6 16. c3 Rfc8 17. Qe2 h6 18. Nd2 Bd6 19. Nxc4 Rxc4 20. Bxd6 Qxd6 21. Qxc4 dxc4 22. Bxa8 Ng4 23. g3 Qd2 24. b5 axb5 25. axb5 Qd6 26. Ra6 Qc5 27. Be4 g6 28. b6 Qb5 29. b7 1-0

[Event "GBR-ch 104th"]
[Site "Llandudno"]
[Date "2017.08.02"]
[Round "5"]
[White "Horton, Jamie A"]
[Black "Willson, Ollie"]
[Result "1-0"]
[WhiteElo "2178"]
[BlackElo "2032"]
[PlyCount "59"]
[EventDate "2017.07.29"]
[EventType "swiss"]
[EventRounds "9"]
[EventCountry "WLS"]
[SourceTitle "CBM 179 Extra"]
[Source "ChessBase"]
[SourceDate "2017.08.23"]
[SourceVersion "1"]
[SourceVersionDate "2017.08.23"]
[SourceQuality "1"]

1. d4 Nf6 2. c4 e6 3. Nc3 Bb4 4. Qc2 d5 5. cxd5 exd5 6. Bg5 h6 7. Bh4 0-0 8. e3 Be6 9. Bd3 Nbd7 10. Nge2 c5 11. 0-0 Rc8 12. dxc5 Nxc5 13. Rfd1 g5 14. Bg3 Nce4 15. Bxe4 Nxe4 16. Be5 Nxc3 17. Nxc3 Bxc3 18. Bxc3 Qb6 19. Qe2 Rc4 20. Bd4 Qc6 21. Qf3 f5 22. h4 g4 23. Qf4 Kh7 24. Qe5 Qd7 25. b3 Rc6 26. Rac1 Rfc8 27. Rxc6 bxc6 28. Rc1 Qe7 29. h5 Rc7 30. Qh8# 1-0

[Event "GRB-ch Universities"]
[Site "Birmingham"]
[Date "2017.02.26"]
[Round "5.4"]
[White "Payne, Matthew"]
[Black "Horton, Jamie A"]
[Result "1/2-1/2"]
[WhiteElo "2100"]
[BlackElo "2180"]
[PlyCount "119"]
[EventDate "2017.02.25"]
[EventType "team-swiss"]
[EventRounds "5"]
[EventCountry "ENG"]
[SourceTitle "CBM 177 Extra"]
[Source "ChessBase"]
[SourceDate "2017.04.27"]
[SourceVersion "1"]
[SourceVersionDate "2017.04.27"]
[SourceQuality "1"]
[WhiteTeam "Bath"]
[BlackTeam "Oxford"]
[WhiteTeamCountry "ENG"]
[BlackTeamCountry "ENG"]

1. e4 c5 2. Nc3 g6 3. f4 Bg7 4. Nf3 Nc6 5. Bb5 Nd4 6. 0-0 e6 7. e5 a6 8. Bd3 Nxf3+ 9. Qxf3 d5 10. exd6 Qxd6 11. b3 Nf6 12. Bb2 0-0 13. Na4 Nd7 14. Bxg7 Kxg7 15. Nc3 Rb8 16. a4 b6 17. Rad1 Bb7 18. Be4 Bxe4 19. Nxe4 Qd4+ 20. Qe3 Qxe3+ 21. dxe3 Nf6 22. Nxf6 Kxf6 23. Rd7 Rfd8 24. Rfd1 Rxd7 25. Rxd7 Rc8 26. Rd6 Rb8 27. Rc6 Rb7 28. a5 bxa5 29. Rxc5 Rb5 30. Rc6 a4 31. bxa4 Rb2 32. Kf2 a5 33. Rc4 h5 34. Ke2 Ra2 35. Kd3 Ra1 36. Kd4 h4 37. Ke4 Rf1 38. Rc5 Rf2 39. c4 Rxg2 40. Kf3 Rxh2 41. Rxa5 Rc2 42. c5 h3 43. Rb5 h2 44. Rb1 Rxc5 45. Ra1 Rc2 46. a5 h1Q+ 47. Rxh1 Ra2 48. Kg4 Rxa5 49. e4 e5 50. Rf1 exf4 51. Kxf4 Ke6 52. Kg4 Ra4 53. Kf4 f6 54. Rb1 f5 55. Rb6+ Ke7 56. Rxg6 fxe4 57. Ke3 Kf7 58. Rg4 Ke7 59. Rxe4+ Rxe4+ 60. Kxe4 1/2-1/2

[Event "Wakefield 4NCL op 10th"]
[Site "Wakefield"]
[Date "2016.09.11"]
[Round "4"]
[White "Abbas, Daniel Karim"]
[Black "Horton, Jamie A"]
[Result "1/2-1/2"]
[WhiteElo "2279"]
[BlackElo "2149"]
[PlyCount "125"]
[EventDate "2016.09.09"]
[EventType "swiss"]
[EventRounds "5"]
[EventCountry "ENG"]
[SourceTitle "CBM 174 Extra"]
[Source "ChessBase"]
[SourceDate "2016.10.10"]
[SourceVersion "1"]
[SourceVersionDate "2016.10.10"]
[SourceQuality "1"]

1. e4 c5 2. Nf3 g6 3. d4 cxd4 4. Nxd4 Nc6 5. Nc3 Bg7 6. Nde2 Nf6 7. g3 0-0 8. Bg2 d6 9. 0-0 Bd7 10. h3 Rc8 11. a4 Na5 12. Ra2 Be6 13. b3 Nd7 14. Nb5 Nc6 15. Bb2 Bxb2 16. Rxb2 Nc5 17. Nf4 a6 18. Nd4 Nxd4 19. Qxd4 Bd7 20. Nd5 Bc6 21. Nc3 Nd7 22. Rd1 Qb6 23. Qd2 Rfe8 24. Rbb1 Qb4 25. Qe3 Qc5 26. Qd2 Qb4 27. h4 Nf6 28. Nd5 Nxd5 29. exd5 Qxd2 30. Rxd2 Bd7 31. c4 Rc7 32. Rd4 a5 33. Be4 Kg7 34. Bc2 Ra8 35. Re1 Re8 36. Re2 Bc8 37. Kg2 Bd7 38. f3 Kf6 39. g4 Kg7 40. Kg3 h6 41. Rd1 Bc8 42. Rh2 Rd8 43. Rhd2 Bd7 44. Re1 Bc8 45. f4 Rg8 46. Rh1 h5 47. g5 Bf5 48. Bxf5 gxf5 49. Re1 Rd8 50. Rde2 Rdd7 51. Kf3 b6 52. Ke3 Ra7 53. Kd4 Rdc7 54. Rg1 Ra8 55. Rge1 Raa7 56. Rb2 Rc5 57. Re3 Kg6 58. Rbe2 Rcc7 59. Ra2 Rc5 60. Re1 Kg7 61. Rb1 Kg6 62. Re2 Kg7 63. Rbe1 1/2-1/2

[Event "BCF-chT1d 1516 (4NCL) Demotion pool"]
[Site "England"]
[Date "2016.05.01"]
[Round "10.158"]
[White "Horton, Jamie A"]
[Black "Varnam, Liam"]
[Result "1-0"]
[WhiteElo "2090"]
[BlackElo "2129"]
[PlyCount "127"]
[EventDate "2015.11.14"]
[EventType "team-tourn"]
[EventRounds "4"]
[EventCountry "ENG"]
[SourceTitle "EXT 2017"]
[Source "ChessBase"]
[SourceDate "2016.10.25"]
[SourceVersion "1"]
[SourceVersionDate "2016.10.25"]
[SourceQuality "1"]
[WhiteTeam "3CS Oldham"]
[BlackTeam "Grantham Sharks"]
[WhiteTeamCountry "ENG"]
[BlackTeamCountry "ENG"]

1. d4 Nf6 2. c4 c5 3. Nf3 cxd4 4. Nxd4 e5 5. Nb5 d5 6. cxd5 Bc5 7. e3 0-0 8. N5c3 e4 9. Be2 Qe7 10. a3 Rd8 11. b4 Bd6 12. Bb2 Be5 13. Qb3 Bf5 14. Nd2 Bxc3 15. Qxc3 Rxd5 16. Nb3 Rd8 17. Nd4 Bg6 18. 0-0 Nc6 19. Nxc6 bxc6 20. Rfd1 Rdc8 21. Rac1 Qf8 22. Ba6 Rc7 23. Qe5 Re7 24. Qd6 Re6 25. Qxf8+ Kxf8 26. Bb7 Rb8 27. Bxc6 Bh5 28. Rd2 Rc8 29. b5 Ng4 30. Rc5 Bg6 31. h3 Nf6 32. a4 Ne8 33. Ba3 Kg8 34. Rcd5 Rexc6 35. bxc6 Rxc6 36. Rd8 f6 37. R2d7 Ra6 38. Re7 Rxa4 39. Rdxe8+ Bxe8 40. Rxe8+ Kf7 41. Re7+ Kg6 42. Bc5 Ra1+ 43. Kh2 a5 44. Rxe4 a4 45. Re7 Ra2 46. Kg3 Rc2 47. Bd4 a3 48. Kf3 a2 49. g4 Rd2 50. Ra7 h5 51. Kg3 hxg4 52. hxg4 Re2 53. f4 Kh6 54. f5 Rd2 55. Ra8 Kh7 56. g5 fxg5 57. Kg4 Rg2+ 58. Kh5 Rh2+ 59. Kxg5 Rg2+ 60. Kf4 Rf2+ 61. Kg4 Rd2 62. Ra7 Kg8 63. Rxg7+ Kf8 64. Ra7 1-0

[Event "BCF-chT1a 1516 (4NCL)"]
[Site "England"]
[Date "2016.02.14"]
[Round "6.138"]
[White "Longson, Sarah N"]
[Black "Horton, Jamie A"]
[Result "1/2-1/2"]
[WhiteElo "2095"]
[BlackElo "2110"]
[PlyCount "56"]
[EventDate "2015.11.14"]
[EventType "team-tourn"]
[EventRounds "7"]
[EventCountry "ENG"]
[SourceTitle "CBM 170 Extra"]
[Source "ChessBase"]
[SourceDate "2016.02.25"]
[SourceVersion "1"]
[SourceVersionDate "2016.02.25"]
[SourceQuality "1"]
[WhiteTeam "Wood Green"]
[BlackTeam "3CS Oldham"]
[WhiteTeamCountry "ENG"]
[BlackTeamCountry "ENG"]

1. e4 c5 2. Nf3 g6 3. c3 Bg7 4. d4 cxd4 5. cxd4 d5 6. e5 f6 7. Bb5+ Nc6 8. 0-0 Nh6 9. exf6 exf6 10. Re1+ Kf7 11. Nc3 Nf5 12. Ba4 Nfe7 13. Be3 Rf8 14. a3 Kg8 15. b4 a6 16. Bb3 b5 17. Ne4 Be6 18. Nc5 Bf7 19. Qd2 a5 20. Bf4 axb4 21. axb4 Rxa1 22. Rxa1 Re8 23. Ra6 Bf8 24. h3 Bg7 25. Ne1 g5 26. Bh2 Qc8 27. Bd1 Nf5 28. Nc2 Nfxd4 1/2-1/2

[Event "Wetherby 4NCL op-A 6th"]
[Site "Wetherby"]
[Date "2016.01.09"]
[Round "2"]
[White "Brown, Martin"]
[Black "Horton, Jamie A"]
[Result "1-0"]
[WhiteElo "2216"]
[BlackElo "2090"]
[PlyCount "115"]
[EventDate "2016.01.08"]
[EventType "swiss"]
[EventRounds "5"]
[EventCountry "ENG"]
[SourceTitle "CBM 170 Extra"]
[Source "ChessBase"]
[SourceDate "2016.02.25"]
[SourceVersion "1"]
[SourceVersionDate "2016.02.25"]
[SourceQuality "1"]

1. e4 c6 2. d4 d5 3. e5 Bf5 4. Nf3 e6 5. Be2 Nd7 6. 0-0 h6 7. a4 Ne7 8. a5 a6 9. b4 g5 10. Ne1 Bg6 11. Nd3 Nf5 12. c3 h5 13. Nd2 Be7 14. Re1 Nf8 15. Nb3 Nh4 16. Nbc5 Rb8 17. Nb3 Nd7 18. Nd2 Kf8 19. Nf1 Nf5 20. h3 Ke8 21. Ra2 Nf8 22. Ne3 Nxe3 23. fxe3 Kd7 24. Nf2 Kc8 25. Bf3 Kc7 26. Nh1 Rc8 27. Ng3 g4 28. Be2 Bh4 29. Kh2 gxh3 30. gxh3 Bxg3+ 31. Kxg3 Rg8 32. Kh2 Be4 33. Bf3 Qh4 34. Bxe4 Qg3+ 35. Kh1 dxe4 36. Rh2 Nh7 37. Rg1 Qxg1+ 38. Qxg1 Rxg1+ 39. Kxg1 Ng5 40. Rg2 Nf3+ 41. Kf2 Kd7 42. Rg7 Ke7 43. Ba3 Rh8 44. b5+ Ke8 45. bxa6 bxa6 46. Kg3 Nd2 47. Kf4 Rh6 48. Rg8+ Kd7 49. Rf8 Rh7 50. Ra8 Rg7 51. Rxa6 Rg1 52. Ra7+ Kc8 53. Bc5 Ra1 54. Bb6 Kb8 55. Re7 Nc4 56. Kxe4 Nxa5 57. Bxa5 Rxa5 58. Rxf7 1-0

[Event "Kecskemet Caissa IM 08"]
[Site "Kecskemet"]
[Date "2015.08.23"]
[Round "13"]
[White "McPhillips, Joseph"]
[Black "Horton, Jamie A"]
[Result "0-1"]
[WhiteElo "2191"]
[BlackElo "2023"]
[PlyCount "42"]
[EventDate "2015.08.15"]
[EventType "tourn"]
[EventRounds "14"]
[EventCountry "HUN"]
[SourceTitle "EXT 2016"]
[Source "ChessBase"]
[SourceDate "2015.10.08"]
[SourceVersion "1"]
[SourceVersionDate "2015.10.08"]
[SourceQuality "1"]

1. e4 e6 2. Nf3 d5 3. e5 c5 4. b4 d4 5. bxc5 Bxc5 6. Ba3 Qa5 7. Bxc5 Qxc5 8. c3 Nc6 9. cxd4 Nxd4 10. Qa4+ Bd7 11. Qxd4 Qc1+ 12. Ke2 Bb5+ 13. d3 Rd8 14. Nbd2 Qa3 15. Qg4 Qc3 16. Rd1 Rxd3 17. Ke1 Re3+ 18. Be2 Rxe2+ 19. Kf1 Rxd2+ 20. Ke1 Re2+ 21. Kf1 Re1# 0-1

[Event "Kecskemet Caissa IM 08"]
[Site "Kecskemet"]
[Date "2015.08.19"]
[Round "8"]
[White "Kiss, Pal"]
[Black "Horton, Jamie A"]
[Result "1-0"]
[WhiteElo "2336"]
[BlackElo "2023"]
[PlyCount "49"]
[EventDate "2015.08.15"]
[EventType "tourn"]
[EventRounds "14"]
[EventCountry "HUN"]
[SourceTitle "EXT 2016"]
[Source "ChessBase"]
[SourceDate "2015.10.08"]
[SourceVersion "1"]
[SourceVersionDate "2015.10.08"]
[SourceQuality "1"]

1. d4 Nf6 2. c4 e6 3. Nf3 d5 4. g3 dxc4 5. Bg2 Bb4+ 6. Bd2 a5 7. 0-0 b5 8. a4 Bxd2 9. Nfxd2 Ra7 10. axb5 Qxd4 11. Nc3 Nbd7 12. b6 Qxb6 13. Nxc4 Qc5 14. Qa4 Bb7 15. Nxa5 Bxg2 16. Kxg2 0-0 17. Qb5 Qb6 18. b4 Ra6 19. Qxb6 Rxb6 20. b5 h5 21. Nc6 Rb7 22. Rfd1 Nc5 23. f3 Ne8 24. Ra8 g6 25. Rdd8 1-0

[Event "Kecskemet Caissa IM 08"]
[Site "Kecskemet"]
[Date "2015.08.17"]
[Round "4"]
[White "Zhou, Qiyu"]
[Black "Horton, Jamie A"]
[Result "1/2-1/2"]
[WhiteElo "2102"]
[BlackElo "2023"]
[PlyCount "57"]
[EventDate "2015.08.15"]
[EventType "tourn"]
[EventRounds "14"]
[EventCountry "HUN"]
[SourceTitle "EXT 2016"]
[Source "ChessBase"]
[SourceDate "2015.10.08"]
[SourceVersion "1"]
[SourceVersionDate "2015.10.08"]
[SourceQuality "1"]

1. e4 c6 2. d4 d5 3. e5 Bf5 4. Nf3 e6 5. Be2 Nd7 6. 0-0 h6 7. Nbd2 Ne7 8. Nb3 Qc7 9. a4 a6 10. c4 dxc4 11. Bxc4 Ng6 12. Bd3 Bxd3 13. Qxd3 Be7 14. Be3 0-0 15. Nfd2 c5 16. f4 cxd4 17. Bxd4 Rac8 18. Ne4 Rfd8 19. Qe3 Qb8 20. Rad1 Bf8 21. Qf2 b6 22. Nbd2 Nc5 23. Nxc5 Bxc5 24. Ne4 Bxd4 25. Rxd4 Rxd4 26. Qxd4 Rc2 27. b3 Qb7 28. Qd3 Qc6 29. g3 1/2-1/2